[Event "North Island-ch"]
[Site "Wellington"]
[Date "2019.04.22"]
[Round "8"]
[White "Duneas, John"]
[Black "Nyberg, Michael"]
[Result "1-0"]
[WhiteElo "2083"]
[BlackElo "1907"]
[PlyCount "109"]
[EventDate "2019.04.19"]
[EventType "swiss"]
[EventRounds "8"]
[EventCountry "NZL"]
[SourceTitle "EXT 2020"]
[Source "ChessBase"]
[SourceDate "2019.10.17"]
[SourceVersion "1"]
[SourceVersionDate "2019.10.17"]
[SourceQuality "1"]

1. d4 d5 2. c4 c6 3. Nc3 Nf6 4. Nf3 e6 5. e3 Nbd7 6. Bd3 dxc4 7. Bxc4 b5 8. Bd3 a6 9. 0-0 Be7 10. Qe2 0-0 11. e4 Re8 12. e5 Nd5 13. Ne4 f5 14. exf6 N7xf6 15. Bg5 Bd7 16. Rac1 Rc8 17. Nc5 Bxc5 18. Rxc5 h6 19. Bd2 Rf8 20. Ne5 Ne7 21. Nxd7 Qxd7 22. Bc2 Nf5 23. Bxf5 exf5 24. Qd3 Ne4 25. Rc2 c5 26. Be3 c4 27. Qa3 Rf6 28. f3 Ng5 29. Rd1 f4 30. Bf2 Rg6 31. Kf1 Re8 32. Qc3 Qd5 33. Re1 Rxe1+ 34. Qxe1 Nf7 35. Qe4 Qxe4 36. fxe4 Ng5 37. Re2 f3 38. gxf3 Nxf3 39. h3 Kf7 40. d5 Ke8 41. Bc5 Ne5 42. Rf2 Kd7 43. Bd4 Kd6 44. Rf8 Ke7 45. Ra8 Nf3 46. Ra7+ Kf8 47. Bc5+ Kg8 48. Ra8+ Kh7 49. Ke2 Ng5 50. e5 Nxh3 51. Be3 Ng1+ 52. Bxg1 Rxg1 53. d6 Rg5 54. d7 Rxe5+ 55. Kf3 1-0

[Event "North Island-ch"]
[Site "Wellington"]
[Date "2019.04.20"]
[Round "3"]
[White "Sole, Michael D"]
[Black "Nyberg, Michael"]
[Result "0-1"]
[WhiteElo "1804"]
[BlackElo "1907"]
[PlyCount "64"]
[EventDate "2019.04.19"]
[EventType "swiss"]
[EventRounds "8"]
[EventCountry "NZL"]
[SourceTitle "EXT 2020"]
[Source "ChessBase"]
[SourceDate "2019.10.17"]
[SourceVersion "1"]
[SourceVersionDate "2019.10.17"]
[SourceQuality "1"]

1. e4 e5 2. Nf3 Nc6 3. Bc4 Be7 4. 0-0 Nf6 5. d3 0-0 6. h3 d6 7. a4 a6 8. c3 Na5 9. Ba2 c5 10. Nbd2 Bd7 11. Re1 b5 12. Nf1 bxa4 13. Ng3 Rb8 14. d4 cxd4 15. cxd4 Nc6 16. Nf5 Bxf5 17. exf5 e4 18. Nh2 d5 19. Qxa4 Qb6 20. Be3 Rfc8 21. Rec1 Nb4 22. Rxc8+ Rxc8 23. Bb1 h6 24. Ng4 Nxg4 25. hxg4 Bd6 26. Qa5 Qxd4 27. Bc2 Qxb2 28. Bd1 d4 29. Bc1 Rxc1 30. Rxc1 Qxc1 31. Qd8+ Bf8 32. Qxd4 Nd3 0-1

[Event "North Island-ch"]
[Site "Wellington"]
[Date "2019.04.19"]
[Round "2"]
[White "Nyberg, Michael"]
[Black "Ha, Huy Minh"]
[Result "1/2-1/2"]
[WhiteElo "1907"]
[BlackElo "1653"]
[PlyCount "166"]
[EventDate "2019.04.19"]
[EventType "swiss"]
[EventRounds "8"]
[EventCountry "NZL"]
[SourceTitle "EXT 2020"]
[Source "ChessBase"]
[SourceDate "2019.10.17"]
[SourceVersion "1"]
[SourceVersionDate "2019.10.17"]
[SourceQuality "1"]

1. c4 e5 2. Nc3 Nf6 3. g3 g6 4. Bg2 Bg7 5. d3 d6 6. Bg5 Nbd7 7. Rb1 c6 8. a3 h6 9. Bd2 0-0 10. Nf3 a5 11. 0-0 Qe7 12. b4 axb4 13. axb4 Nb6 14. Be3 Qc7 15. c5 Nbd5 16. cxd6 Nxe3 17. dxc7 Nxd1 18. Rfxd1 Ne8 19. b5 Nxc7 20. bxc6 bxc6 21. Rb6 Nd5 22. Nxd5 cxd5 23. Ne1 Be6 24. Rdb1 Rad8 25. Nc2 d4 26. Nb4 Rb8 27. Nc6 Rxb6 28. Rxb6 Kh7 29. h4 h5 30. Be4 Re8 31. Bf3 Bd7 32. Nb8 Be6 33. Na6 Re7 34. Nc5 Bg4 35. Bxg4 hxg4 36. Ne4 f5 37. Ng5+ Kh6 38. Kg2 e4 39. Ne6 Rd7 40. Nf4 exd3 41. exd3 Kh7 42. Nxg6 Rd5 43. h5 Ra5 44. Nf4 Re5 45. Rb7 Kh6 46. Rd7 Ra5 47. Ne6 Be5 48. Nxd4 Bxd4 49. Rxd4 Kxh5 50. Rd8 Kg6 51. Kf1 Kf6 52. Ke2 Ke7 53. Rd4 Ke6 54. Rb4 Re5+ 55. Kd2 Kd6 56. Ra4 Rc5 57. Ra8 Rb5 58. Rc8 Rb2+ 59. Rc2 Rb5 60. Ke3 Kd5 61. Rc4 Rb2 62. Ra4 Rc2 63. Rc4 Rb2 64. Rc8 Ke6 65. Rc5 Ra2 66. Rc1 Kd6 67. Re1 Rb2 68. Re2 Rb5 69. Kf4 Rd5 70. Re3 Kd7 71. f3 gxf3 72. Rxf3 Ke6 73. Re3+ Kf6 74. Rf3 Rd4+ 75. Ke3 Rg4 76. Kd2 Ke5 77. Kc3 Ra4 78. Kc2 Rg4 79. Kc3 Ra4 80. Re3+ Kd5 81. Re8 Rg4 82. Re3 Ra4 83. Rf3 Ke5 1/2-1/2

[Event "Wellington CC-chA"]
[Site "Wellington"]
[Date "2016.11.17"]
[Round "11"]
[White "Nyberg, Michael"]
[Black "Dive, Russell John"]
[Result "0-1"]
[WhiteElo "1892"]
[BlackElo "2302"]
[PlyCount "44"]
[EventDate "2016.09.08"]
[EventType "tourn"]
[EventRounds "9"]
[EventCountry "NZL"]
[SourceTitle "EXT 2018"]
[Source "ChessBase"]
[SourceDate "2017.10.13"]
[SourceVersion "1"]
[SourceVersionDate "2017.10.13"]
[SourceQuality "1"]

1. d4 Nf6 2. c4 c5 3. d5 d6 4. g3 a6 5. b4 cxb4 6. Qa4+ Nbd7 7. Qxb4 b5 8. Bg2 Rb8 9. cxb5 Rxb5 10. Qd2 g6 11. Nc3 Rb8 12. Nf3 Bg7 13. Nd4 Bb7 14. Rb1 0-0 15. 0-0 Qc7 16. e4 Ne5 17. Rd1 Rfe8 18. Na4 Nfd7 19. Bf1 Nc5 20. Nb2 Nxe4 21. Qf4 Nc3 22. Bh3 Nxb1 0-1

[Event "George Trundle Qualifiers"]
[Site "Auckland"]
[Date "2016.07.11"]
[Round "3"]
[White "Milligan, Helen"]
[Black "Nyberg, Michael"]
[Result "1-0"]
[WhiteElo "2053"]
[BlackElo "1930"]
[PlyCount "67"]
[EventDate "2016.07.09"]
[EventType "tourn"]
[EventRounds "9"]
[EventCountry "NZL"]
[SourceTitle "EXT 2018"]
[Source "ChessBase"]
[SourceDate "2017.10.13"]
[SourceVersion "1"]
[SourceVersionDate "2017.10.13"]
[SourceQuality "1"]

1. e4 e6 2. d4 d5 3. Nc3 Nf6 4. e5 Nfd7 5. f4 c5 6. Nf3 Nc6 7. Be3 b6 8. Bb5 Bb7 9. f5 Be7 10. 0-0 Nxd4 11. Nxd4 cxd4 12. Bxd4 Bc5 13. fxe6 Bxd4+ 14. Qxd4 fxe6 15. Rad1 Qc7 16. Ne4 0-0-0 17. Nd6+ Kb8 18. Nf7 Bc6 19. Bxc6 Qxc6 20. Nxh8 Rxh8 21. Rf7 Rg8 22. c4 Rc8 23. cxd5 exd5 24. Qxd5 Qc5+ 25. Qxc5 Nxc5 26. Rxg7 h5 27. Rh7 Ne6 28. Rxh5 Rc2 29. Rh8+ Kb7 30. Re8 Nf4 31. e6 Rxg2+ 32. Kh1 Rg6 33. e7 Nh3 34. Rf8 1-0

[Event "Wellington CC Autumn Cup-B"]
[Site "Wellington"]
[Date "2016.05.05"]
[Round "3"]
[White "Forster, William"]
[Black "Nyberg, Michael"]
[Result "0-1"]
[WhiteElo "2075"]
[BlackElo "2068"]
[PlyCount "36"]
[EventDate "2016.04.21"]
[EventType "tourn"]
[EventRounds "5"]
[EventCountry "NZL"]
[SourceTitle "EXT 2018"]
[Source "ChessBase"]
[SourceDate "2017.10.13"]
[SourceVersion "1"]
[SourceVersionDate "2017.10.13"]
[SourceQuality "1"]

1. d4 Nf6 2. c4 g6 3. Nc3 d5 4. cxd5 Nxd5 5. e4 Nxc3 6. bxc3 c5 7. Nf3 Bg7 8. Rb1 Qa5 9. Be2 cxd4 10. 0-0 dxc3 11. Qc2 0-0 12. Bf4 a6 13. Be3 b5 14. Nd4 Bb7 15. a4 b4 16. Bc4 Nd7 17. f3 Qc5 18. Qd3 Ne5 0-1

[Event "Wellington op"]
[Site "Wellington"]
[Date "2016.03.26"]
[Round "3"]
[White "Nyberg, Michael"]
[Black "Nicholls, Leighton"]
[Result "1/2-1/2"]
[WhiteElo "1941"]
[BlackElo "1903"]
[PlyCount "249"]
[EventDate "2016.03.25"]
[EventType "swiss"]
[EventRounds "6"]
[EventCountry "NZL"]
[SourceTitle "EXT 2018"]
[Source "ChessBase"]
[SourceDate "2017.10.13"]
[SourceVersion "1"]
[SourceVersionDate "2017.10.13"]
[SourceQuality "1"]

1. d4 Nf6 2. Nf3 c5 3. c3 e6 4. g3 d5 5. Bg2 Nbd7 6. Bf4 b6 7. Na3 a6 8. Nc2 Bb7 9. Rb1 Ne4 10. Nd2 Bd6 11. Bxd6 Nxd6 12. c4 0-0 13. 0-0 dxc4 14. Bxb7 Nxb7 15. Nxc4 b5 16. Nd2 c4 17. b3 c3 18. Nf3 a5 19. b4 axb4 20. Nxb4 Nd6 21. Qd3 Ra3 22. Rfc1 Qc7 23. Ne1 Rc8 24. Nec2 Ra7 25. Rb3 Nb6 26. Ne3 Na4 27. Qc2 Nc4 28. Nxc4 Qxc4 29. e3 Rac7 30. Nd3 Nb6 31. Rb4 Qc6 32. Rcb1 Nc4 33. Qxc3 Nd6 34. Qxc6 Rxc6 35. Nc5 g6 36. g4 h6 37. e4 f6 38. f3 Kf7 39. a4 bxa4 40. Rxa4 e5 41. dxe5 fxe5 42. Ra7+ R8c7 43. Rxc7+ Rxc7 44. Nd3 Kf6 45. Nb4 Ra7 46. Kg2 Nc4 47. h4 Ra3 48. Nd5+ Ke6 49. Rb7 Nd2 50. Re7+ Kd6 51. Rf7 g5 52. hxg5 hxg5 53. Rf5 Ra2 54. Nc3 Rc2 55. Nb5+ Ke6 56. Kg1 Rc5 57. Nd4+ exd4 58. Rxc5 Nxf3+ 59. Kg2 Ne5 60. Kg3 d3 61. Rd5 Kf6 62. Rb5 Ke6 63. Rb6+ Ke7 64. Rb5 Ke6 65. Rd5 Kf6 66. Kg2 Nxg4 67. Rxd3 Ke5 68. Kf3 Nf6 69. Re3 g4+ 70. Kg3 Nxe4+ 71. Kxg4 Kd4 72. Kf4 Nc5 73. Re8 Nd3+ 74. Kf5 Nb4 75. Re4+ Kc5 76. Ke6 Nc6 77. Rh4 Nd4+ 78. Kd7 Kd5 79. Rg4 Ke5 80. Rg5+ Kf4 81. Rd5 Ke4 82. Kd6 Nf5+ 83. Kc5 Kf4 84. Rd3 Ke4 85. Rd1 Kf4 86. Re1 Ne3 87. Re2 Ke4 88. Rd2 Ke5 89. Rd4 Nf5 90. Ra4 Nd6 91. Rh4 Nf5 92. Rh5 Ke4 93. Kc6 Ke5 94. Kd7 Ke4 95. Rg5 Kf4 96. Rg8 Ke5 97. Rg4 Kd5 98. Rg6 Ke5 99. Ra6 Kd5 100. Ra5+ Ke4 101. Ke6 Nd4+ 102. Kf6 Nf3 103. Rf5 Nd4 104. Re5+ Kd3 105. Kg6 Nf3 106. Re8 Kd4 107. Kf5 Kd5 108. Kf4 Nd4 109. Rd8+ Kc5 110. Ke4 Nc6 111. Rd7 Nb4 112. Rd2 Nc6 113. Rd3 Kc4 114. Rd6 Kc5 115. Rd7 Kc4 116. Ke3 Kc5 117. Kd2 Ne5 118. Rh7 Kd5 119. Ke3 Nc4+ 120. Kf4 Nd6 121. Rh5+ Kd4 122. Re5 Nc4 123. Re8 Kd5 124. Re4 Nd6 125. Ra4 1/2-1/2

[Event "Wellington CC-chA"]
[Site "Wellington"]
[Date "2015.12.10"]
[Round "2"]
[White "Wastney, Scott C"]
[Black "Nyberg, Michael"]
[Result "1-0"]
[WhiteElo "2326"]
[BlackElo "1963"]
[PlyCount "101"]
[EventDate "2015.09.24"]
[EventType "tourn"]
[EventRounds "9"]
[EventCountry "NZL"]
[SourceTitle "EXT 2018"]
[Source "ChessBase"]
[SourceDate "2017.10.13"]
[SourceVersion "1"]
[SourceVersionDate "2017.10.13"]
[SourceQuality "1"]

1. e4 e6 2. d4 d5 3. Bd3 Nf6 4. e5 Nfd7 5. Nf3 c5 6. c3 Nc6 7. 0-0 Be7 8. Be3 Qc7 9. Nbd2 b6 10. Rc1 a5 11. Re1 c4 12. Bc2 b5 13. Ng5 Nf8 14. Qh5 Bxg5 15. Bxg5 Ne7 16. b3 Nfg6 17. bxc4 bxc4 18. Rb1 h6 19. Be3 Bd7 20. Nf1 Nf5 21. Bc1 Nge7 22. g4 g6 23. Qh3 Ng7 24. Ba3 Bc6 25. Bd6 Qd7 26. Rb2 Nc8 27. Bc5 Qd8 28. Reb1 Qg5 29. Rb7 Nh5 30. Qf3 f5 31. exf6 Nxf6 32. Rc7 Bd7 33. Rbb7 Nxg4 34. Kh1 Nf6 35. Rxd7 Nxd7 36. Ba4 Qf5 37. Qxf5 gxf5 38. Rxd7 Nb6 39. Rh7+ Nxa4 40. Rxh8+ Kd7 41. Rxa8 Nxc3 42. Rxa5 Ne4 43. Kg2 c3 44. Ba3 Nd2 45. Bc1 Nc4 46. Rb5 Nd6 47. Rb3 e5 48. Rxc3 Nb5 49. Rc5 Nxd4 50. Rxd5+ Ke6 51. Rxd4 1-0

[Event "Wellington CC-chA"]
[Site "Wellington"]
[Date "2015.11.12"]
[Round "8"]
[White "Ker, Anthony F"]
[Black "Nyberg, Michael"]
[Result "0-1"]
[WhiteElo "2294"]
[BlackElo "1963"]
[PlyCount "114"]
[EventDate "2015.09.24"]
[EventType "tourn"]
[EventRounds "9"]
[EventCountry "NZL"]
[SourceTitle "EXT 2018"]
[Source "ChessBase"]
[SourceDate "2017.10.13"]
[SourceVersion "1"]
[SourceVersionDate "2017.10.13"]
[SourceQuality "1"]

1. e4 e6 2. d4 d5 3. e5 Be7 4. Nf3 c5 5. c3 Nc6 6. Bd3 Qb6 7. 0-0 Bd7 8. Nbd2 cxd4 9. cxd4 Nxd4 10. Nxd4 Qxd4 11. Nf3 Qb6 12. Be3 Bc5 13. Bxc5 Qxc5 14. Qb3 Qc7 15. Rac1 Bc6 16. Nd4 Ne7 17. Nb5 Qxe5 18. Qa3 Rd8 19. Rfe1 Qf4 20. g3 Qb8 21. Nxa7 Qd6 22. Qb3 0-0 23. Nb5 Qd7 24. Nd4 Ba4 25. Qb4 Rc8 26. Nf3 Bc6 27. Ne5 Qd8 28. Qd4 Ng6 29. Bxg6 hxg6 30. Rc3 Qa5 31. a3 Bb5 32. Rec1 Rxc3 33. Rxc3 Qd8 34. a4 Be8 35. f4 f6 36. Nf3 Qa5 37. b3 Qa6 38. Re3 Bf7 39. Qc5 b6 40. Qc1 b5 41. axb5 Qxb5 42. Rc3 Qb6+ 43. Rc5 Qxb3 44. Nd4 Qb6 45. Kg2 e5 46. fxe5 fxe5 47. Nf3 Re8 48. h4 d4 49. Nxe5 Qb7+ 50. Kh2 Bd5 51. Qf4 Qb2+ 52. Kh3 Qg2+ 53. Kg4 Be6+ 54. Kg5 Rf8 55. Qxd4 Qxg3+ 56. Ng4 Bxg4 57. Qxg4 Qe3+ 0-1

[Event "Wellington CC-chA"]
[Site "Wellington"]
[Date "2015.10.17"]
[Round "4"]
[White "Forster, William"]
[Black "Nyberg, Michael"]
[Result "1-0"]
[WhiteElo "1972"]
[BlackElo "1963"]
[PlyCount "77"]
[EventDate "2015.09.24"]
[EventType "tourn"]
[EventRounds "9"]
[EventCountry "NZL"]
[SourceTitle "EXT 2018"]
[Source "ChessBase"]
[SourceDate "2017.10.13"]
[SourceVersion "1"]
[SourceVersionDate "2017.10.13"]
[SourceQuality "1"]

1. Nf3 c5 2. c4 Nf6 3. d4 cxd4 4. Nxd4 e6 5. g3 Nc6 6. Bg2 a6 7. 0-0 Qc7 8. Nc3 Bb4 9. Nxc6 bxc6 10. Qc2 0-0 11. a3 Be7 12. b4 Rb8 13. Rb1 d5 14. Na4 a5 15. Nc5 axb4 16. axb4 Bxc5 17. bxc5 Rxb1 18. Qxb1 Ba6 19. Qb6 Qc8 20. Bf4 Nd7 21. Qb2 Bxc4 22. Bd6 Re8 23. Ra1 Qd8 24. Ra7 Bb5 25. e3 h6 26. Bf1 Bxf1 27. Kxf1 Qf6 28. Qb7 Rd8 29. Qxc6 Ne5 30. Bxe5 Qxe5 31. Qb7 Qf5 32. c6 Qd3+ 33. Kg1 Rf8 34. c7 Qd1+ 35. Kg2 Qc2 36. Ra8 Qe4+ 37. Kg1 Rxa8 38. Qxa8+ Kh7 39. Qb7 1-0

[Event "George Trundle Qualifiers"]
[Site "Auckland"]
[Date "2015.09.28"]
[Round "3"]
[White "Gong, Daniel Hanwen"]
[Black "Nyberg, Michael"]
[Result "1-0"]
[WhiteElo "1959"]
[BlackElo "1990"]
[PlyCount "89"]
[EventDate "2015.09.26"]
[EventType "tourn"]
[EventRounds "9"]
[EventCountry "NZL"]
[SourceTitle "EXT 2018"]
[Source "ChessBase"]
[SourceDate "2017.10.13"]
[SourceVersion "1"]
[SourceVersionDate "2017.10.13"]
[SourceQuality "1"]

1. e4 e6 2. g3 c5 3. Bg2 Nc6 4. Ne2 a6 5. d4 cxd4 6. Nxd4 Qc7 7. Nc3 Nf6 8. 0-0 Be7 9. a4 0-0 10. Be3 d6 11. f4 Rd8 12. Nb3 Rb8 13. a5 Qd7 14. Bb6 Rf8 15. Rf2 Bd8 16. Na4 Bxb6 17. Nxb6 Qc7 18. Nxc8 Rbxc8 19. Rd2 Rfd8 20. h3 b5 21. axb6 Qxb6+ 22. Kh2 d5 23. e5 Ne4 24. Re2 Ne7 25. Qd3 Nc5 26. Nxc5 Rxc5 27. Rxa6 Qxb2 28. c4 Qb4 29. cxd5 Nxd5 30. Rd6 Qb8 31. Rb2 Qc8 32. Qa3 Rxd6 33. exd6 Rc3 34. Qa5 Rc4 35. Bxd5 exd5 36. Qxd5 Rc2+ 37. Rxc2 Qxc2+ 38. Qg2 Qxg2+ 39. Kxg2 Kf8 40. Kf3 Ke8 41. Ke4 Kd7 42. Kd5 f6 43. h4 g6 44. g4 h6 45. h5 1-0

[Event "George Trundle Qualifiers"]
[Site "Auckland"]
[Date "2015.09.26"]
[Round "1"]
[White "Nyberg, Michael"]
[Black "Morrell, Gordon"]
[Result "0-1"]
[WhiteElo "1990"]
[BlackElo "2119"]
[PlyCount "54"]
[EventDate "2015.09.26"]
[EventType "tourn"]
[EventRounds "9"]
[EventCountry "NZL"]
[SourceTitle "EXT 2018"]
[Source "ChessBase"]
[SourceDate "2017.10.13"]
[SourceVersion "1"]
[SourceVersionDate "2017.10.13"]
[SourceQuality "1"]

1. e4 c5 2. Nf3 e6 3. d4 cxd4 4. Nxd4 Nc6 5. Nc3 Qc7 6. Be3 a6 7. f3 Nf6 8. Qd2 b5 9. g4 Bb7 10. Bg2 Rc8 11. a3 Nxd4 12. Bxd4 e5 13. Bf2 b4 14. axb4 Bxb4 15. 0-0 0-0 16. g5 Nh5 17. Rfd1 Bxc3 18. bxc3 Qxc3 19. Qxd7 Rc7 20. Qd6 Rc6 21. Qd7 Bc8 22. Qe7 Rc7 23. Qd6 Nf4 24. Rab1 Rc6 25. Qe7 h6 26. gxh6 Rg6 27. Bg3 Qxc2 0-1